| 000 | 00578nam a22001937a 4500 | ||
|---|---|---|---|
| 999 |
_c195830 _d195830 |
||
| 005 | 20230504120244.0 | ||
| 010 | _aENG-136768 | ||
| 020 |
_a9789383064274 _c399.00 |
||
| 035 | _aEN-120300 | ||
| 037 | _bDBAD/PUB | ||
| 082 | _a380 | ||
| 100 | _aPattanaik,Devdutt | ||
| 245 |
_aThe Talent Sutra : _cBy Devdutt Pattanaik _bAn Indian Approach to Learning / |
||
| 250 | _aFirst | ||
| 260 |
_aNew Delhi _bAleph Book Company _c2016 |
||
| 270 |
_a7/16, Ansari Road Darya Ganj _bNew Delhi _e110002 |
||
| 300 |
_avxi,129p.; _c21m(hbk) |
||
| 942 |
_2ddc _cEN _h380 _mPAT |
||